| 000 | 00615nam a22002057a 4500 | ||
|---|---|---|---|
| 003 | DO-CoUTE | ||
| 005 | 20260429140105.0 | ||
| 008 | 260429b dr ||||| |||| 00| 0 spa d | ||
| 020 | _a0-89729-871-3 | ||
| 040 |
_aDO-CoUTE _bspa _cDO-CoUTE |
||
| 082 | _a864.AM481 | ||
| 100 | 1 |
_aAmador, Dora _eAutor |
|
| 245 | 1 | 0 |
_aLa Sonrisa Disidente : _bItinerario de una Conversión / _cDora Amador |
| 260 |
_aMiami Florida _bUniversal _c1998 |
||
| 300 |
_a245 Paginas : _c23cm, |
||
| 504 | _a Incluye referencia bibliográfica e índice. | ||
| 650 | 4 | _aNovela | |
| 700 | 1 |
_aDora Amador _eAutor |
|
| 942 |
_2ddc _cBK |
||
| 999 |
_c24150 _d24150 |
||